Исследование неоднородности геологического строения нефтегазоносных карбонатных отложений Томской области; Известия Томского политехнического университета [Известия ТПУ]; Т. 305, вып. 6 : Геология, поиски и разведка полезных ископаемых Сибири

Dades bibliogràfiques
Parent link:Известия Томского политехнического университета [Известия ТПУ]/ Томский политехнический университет (ТПУ).— , 2000-
Т. 305, вып. 6 : Геология, поиски и разведка полезных ископаемых Сибири.— 2002.— [С. 253-259]
Altres autors: Тищенко Г. И., Коровкин М. В. Михаил Владимирович, Галанов Ю. И. Юрий Иванович, Чернова О. С. Оксана Сергеевна
Sumari:Заглавие с титульного листа
Электронная версия печатной публикации
Особенности неоднородности геологического строения палеозойских отложений нефтегазоносных месторождений Томской области отчетливо выделяются на фрагментах разреза скважин по данным сравнительного анализа люминесцентных и радиационно-оптических свойств, изменения вещественного состава и литологических характеристик пород. В совокупности с литолого-петрофизическими и геохимическими исследованиями керна, экспресс-методы генетической и радиационной минералогии уже на начальной стадии их применения позволяют эффективно определять количественные индикаторные характеристики пластов, пачек и горизонтов, что особенно важно в вопросах стратиграфического расчленения мощных палеозойских карбонатных толщ.
Idioma:rus
Publicat: 2002
Col·lecció:Полезные ископаемые, методы их поиска и разведки
Matèries:
Accés en línia:http://www.lib.tpu.ru/fulltext/v/Bulletin_TPU/2002/v305/i6/21.pdf
Format: MixedMaterials Electrònic Capítol de llibre
KOHA link:https://koha.lib.tpu.ru/cgi-bin/koha/opac-detail.pl?biblionumber=166030

MARC

LEADER 00000nla2a2200000 4500
001 166030
005 20240214112030.0
035 |a (RuTPU)RU\TPU\book\180100 
035 |a RU\TPU\book\180025 
090 |a 166030 
100 |a 20090924d2002 k y0rusy50 ca 
101 0 |a rus 
102 |a RU 
135 |a drnn ---uucaa 
181 0 |a i  
182 0 |a b 
200 1 |a Исследование неоднородности геологического строения нефтегазоносных карбонатных отложений Томской области  |f Г. И. Тищенко [и др.] 
203 |a Текст  |c электронный 
215 |a 1 файл (5.9 Мб) 
225 1 |a Полезные ископаемые, методы их поиска и разведки 
300 |a Заглавие с титульного листа 
300 |a Электронная версия печатной публикации 
320 |a [Библиогр.: с. 258-259 (14 назв.)] 
330 |a Особенности неоднородности геологического строения палеозойских отложений нефтегазоносных месторождений Томской области отчетливо выделяются на фрагментах разреза скважин по данным сравнительного анализа люминесцентных и радиационно-оптических свойств, изменения вещественного состава и литологических характеристик пород. В совокупности с литолого-петрофизическими и геохимическими исследованиями керна, экспресс-методы генетической и радиационной минералогии уже на начальной стадии их применения позволяют эффективно определять количественные индикаторные характеристики пластов, пачек и горизонтов, что особенно важно в вопросах стратиграфического расчленения мощных палеозойских карбонатных толщ. 
337 |a Adobe Reader 
461 1 |0 (RuTPU)RU\TPU\book\176237  |t Известия Томского политехнического университета [Известия ТПУ]  |f Томский политехнический университет (ТПУ)  |d 2000- 
463 1 |0 (RuTPU)RU\TPU\book\180006  |t Т. 305, вып. 6 : Геология, поиски и разведка полезных ископаемых Сибири  |o тематический выпуск  |v [С. 253-259]  |d 2002  |p 446 с. 
610 1 |a труды учёных ТПУ 
610 1 |a электронный ресурс 
610 1 |a геологическое строение 
610 1 |a карбонатные отложения 
610 1 |a Томская область 
610 1 |a нефтегазоносные месторождения 
610 1 |a карбонатные породы 
610 1 |a результаты исследований 
610 1 |a неоднородность отложений 
610 1 |a палеозойские отложения 
610 1 |a сравнительный анализ 
610 1 |a люминесцентные свойства 
610 1 |a радиационно-оптические свойства 
610 1 |a вещественный состав 
610 1 |a литологические характеристики 
610 1 |a литолого-петрофизические исследования 
610 1 |a геохимические исследования 
610 1 |a керны 
610 1 |a экспресс-методы 
610 1 |a генетическая минералогия 
610 1 |a радиационная минералогия 
610 1 |a пласты 
610 1 |a горизонты 
701 1 |a Тищенко  |b Г. И. 
701 1 |a Коровкин  |b М. В.  |c геофизик  |c профессор Томского политехнического университета, доктор физико-математических наук  |c главный эксперт центра качества Томского технологического института  |f 1952-  |g Михаил Владимирович  |3 (RuTPU)RU\TPU\pers\26067  |9 11905 
701 1 |a Галанов  |b Ю. И.  |c математик  |c доцент Томского политехнического университета, кандидат физико-математических наук  |f 1947-  |g Юрий Иванович  |3 (RuTPU)RU\TPU\pers\28897  |9 13630 
701 1 |a Чернова  |b О. С.  |c специалист в области нефтегазового дела  |c профессор Томского политехнического университета, доктор геолого-минералогических наук  |f 1967-  |g Оксана Сергеевна  |3 (RuTPU)RU\TPU\pers\26243  |9 12029 
801 1 |a RU  |b 63413507  |c 20090623  |g PSBO 
801 2 |a RU  |b 63413507  |c 20210420  |g PSBO 
856 4 |u http://www.lib.tpu.ru/fulltext/v/Bulletin_TPU/2002/v305/i6/21.pdf 
942 |c CF